Using and enjoying biblical Greek : (Record no. 8533)

MARC details
000 -LEADER
fixed length control field 01080nam a22002177a 4500
003 - CONTROL NUMBER IDENTIFIER
control field GBCCL
005 - DATE AND TIME OF LATEST TRANSACTION
control field 20241126110652.0
008 - FIXED-LENGTH DATA ELEMENTS--GENERAL INFORMATION
fixed length control field 210318b ||||| |||| 00| 0 eng d
020 ## - INTERNATIONAL STANDARD BOOK NUMBER
International Standard Book Number 9780801049941
020 ## - INTERNATIONAL STANDARD BOOK NUMBER
International Standard Book Number 0801049946
040 ## - CATALOGING SOURCE
Transcribing agency GBC
082 ## - DEWEY DECIMAL CLASSIFICATION NUMBER
Classification number 487.4
Item number WHI
245 ## - TITLE STATEMENT
Title Using and enjoying biblical Greek :
Remainder of title reading the New Testament with fluency and devotion /
260 ## - PUBLICATION, DISTRIBUTION, ETC.
Place of publication, distribution, etc. Grand Rapids, Michigan :
Name of publisher, distributor, etc. Baker Academic,
Date of publication, distribution, etc. [2015]
300 ## - PHYSICAL DESCRIPTION
Extent xiii, 258 pages ;
Other physical details 24 cm
505 ## - FORMATTED CONTENTS NOTE
Formatted contents note Introduction --<br/>Building vocabulary --<br/>Essential parsing --<br/>Making sense of sentences --<br/>Gaining familiarity and fluency --<br/>Utilizing Greek in meditation --<br/>Practice passages --<br/>Appendix 1: Sentence mapping --<br/>Appendix 2: Labels for sentence maps --<br/>Appendix 3: Reader's notes for John 3:16-18 --<br/>Appendix 4: Core patterns for Greek morphology --<br/>Appendix 5: Greek verbs-two current topics.
650 ## - SUBJECT ADDED ENTRY--TOPICAL TERM
Topical term or geographic name entry element Greek language,
Form subdivision Biblical
General subdivision Textbooks.
9 (RLIN) 15023
650 ## - SUBJECT ADDED ENTRY--TOPICAL TERM
Topical term or geographic name entry element Greek language,
Form subdivision Biblical
General subdivision Grammar.
9 (RLIN) 15024
650 ## - SUBJECT ADDED ENTRY--TOPICAL TERM
Topical term or geographic name entry element Greek language, Biblical.
9 (RLIN) 2484
942 ## - ADDED ENTRY ELEMENTS (KOHA)
Source of classification or shelving scheme Dewey Decimal Classification
Koha item type Books
Holdings
Withdrawn status Lost status Source of classification or shelving scheme Damaged status Not for loan Home library Current Library Shelving location Date acquired Total checkouts Full call number Barcode Date last seen Copy number Price effective from Koha item type
    Dewey Decimal Classification     GRACE BIBLE COLLEGE GRACE BIBLE COLLEGE Language 2021-03-18   487.4 WHI 020162 2025-05-01 c.1 2021-03-18 Language
© Grace Bible College Library 2025